Catálogo
 En Linea

Lengua española básica y ortografía / (Registro nro. 16002)

Detalles MARC
000 -CABECERA
campo de control de longitud fija 01590nam a2200229 a 4500
001 - NÚMERO DE CONTROL
campo de control 000016467
005 - FECHA Y HORA DE LA ÚLTIMA TRANSACCIÓN
campo de control 20240307073946.0
008 - DATOS DE LONGITUD FIJA--INFORMACIÓN GENERAL
campo de control de longitud fija 100305s1999 dr 001 0 spa d
040 ## - FUENTE DE LA CATALOGACIÓN
Centro catalogador/agencia de origen DO-SdBNP
Lengua de catalogación spa
Centro/agencia transcriptor BNPHU
082 ## - NÚMERO DE LA CLASIFICACIÓN DECIMAL DEWEY
Número de clasificación 460
Número de documento/Ítem J36l
049 ## - FONDOS LOCALES (OCLC)
Fondos de biblioteca BNPD
100 1# - ENTRADA PRINCIPAL--NOMBRE DE PERSONA
Nombre de persona Jáquez Thomás, Francisco
9 (RLIN) 36677
245 10 - MENCIÓN DE TÍTULO
Título Lengua española básica y ortografía /
Mención de responsabilidad, etc. Francisco Jáquez Thomás.
260 ## - PUBLICACIÓN, DISTRIBUCIÓN, ETC.
Lugar de publicación, distribución, etc. Santo Domingo :
Nombre del editor, distribuidor, etc. UASD,
Fecha de publicación, distribución, etc. 1999.
300 ## - DESCRIPCIÓN FÍSICA
Extensión 127 p. ;
Dimensiones 21 cm.
490 1# - MENCIÓN DE SERIE
Mención de serie Linguistica y sociedad ;
Designación de volumen o secuencia 19
504 ## - NOTA DE BIBLIOGRAFÍA, ETC.
Nota de bibliografía, etc. Incluye bibliografías [p. 124-127]
505 2# - NOTA DE CONTENIDO CON FORMATO
Nota de contenido con formato Prólogo -- Tema III : Algunos aspectos fonéticos en el estudio del español -- La comunicación -- La palabra -- Funciones del lenguaje -- Lenguaje, lengua, habla y signo lingüístico -- La doble articulación del lenguaje -- El signo lingüístico -- Niveles del lenguaje -- Usos de la b y v -- Niveles de la lengua -- La lectura -- Unidad IV: El párrafo -- La g y j -- Unidad V: El resumen -- Usos de la h -- Unidad VI: Las fichas -- Tema VII: Los signos de puntuación -- Usos de la z, la c y la s -- Tema VIII: La oración -- El verbo -- Ejercicios con homófonas -- Algunas formas de expresión oral -- La narración -- Tema IX: Morfología: La palabra y su estructura -- Verbo haber y hacer (con el uso de la h) -- Unidad VI: La carta, el sobre y el telegrama -- Tema IV: El diálogo -- Ortografía de ll e y -- Uso del diccionario X -- Bibliografía.
650 #4 - PUNTO DE ACCESO ADICIONAL DE MATERIA--TÉRMINO DE MATERIA
Término de materia o nombre geográfico como elemento de entrada Español
Subdivisión general Ortografía
9 (RLIN) 1453
710 1# - PUNTO DE ACCESO ADICIONAL--NOMBRE DE ENTIDAD CORPORATIVA
Nombre de entidad corporativa o nombre de jurisdicción como elemento de entrada Universidad Autónoma de Santo Domingo
9 (RLIN) 72951
830 #0 - PUNTO DE ACCESO ADICIONAL DE SERIE-TÍTULO UNIFORME
Título uniforme Linguistica y sociedad ;
Número de parte o sección de la obra 19
9 (RLIN) 36678
Existencias
Estado de retiro Estado de pérdida Restricciones de uso No para préstamo Código de colección Localización permanente Ubicación/localización actual Ubicación en estantería Fecha de adquisición Número de inventario Total de préstamos Signatura topográfica completa Código de barras Fecha visto por última vez Número de copia Precio válido a partir de Tipo de ítem Koha
        Dominicana de Servicio General General En catalogación 05.03.2010 LF1   460 J36l 16467-30 25.06.2020 e. 3 25.06.2020 Libro y Folleto Colección Dominicana de Servicio
      Excluido de préstamo Patrimonio Dominicano Patrimonio Dominicano Patrimonio Dominicano En catalogación 05.03.2010 LF1   460 J36l 16467-10 25.06.2020   25.06.2020 Libro y Folleto Colección Patrimonio Dominicano
      Excluido de préstamo Patrimonio Dominicano Patrimonio Dominicano Patrimonio Dominicano En catalogación 05.03.2010 LF1   460 J36l 16467-20 25.06.2020 e. 2 25.06.2020 Libro y Folleto Colección Patrimonio Dominicano

Con tecnología Koha